Les plus grandes villes de Poitou-Charente - Quiz - Statistiques

Statistiques générales
  • Ce quiz a été pris 116 fois
  • Le résultat moyen est 9 sur 12
Statistiques - réponses
Population Ville % Correct
89 253 Poitiers
98%
76 848 La Rochelle
95%
58 576 Niort
91%
42 669 Angoulême
90%
26 401 Saintes
84%
25 999 Rochefort
79%
19 243 Cognac
78%
18 424 Royan
77%
33 993 Châtellerault
66%
18 436 Bressuire
65%
10 415 Parthenay
59%
10 348 Soyaux
17%
Aucun quiz correspondant
Distribution des résultats
% des personnes avec chaque résultat
Percentile par nombre de réponses
Votre historique - résultats
Vous n’avez pas pris ce quiz